| 000 | 00375nam a22001457a 4500 | ||
|---|---|---|---|
| 999 |
_c7704 _d7704 |
||
| 003 | GBCCL | ||
| 005 | 20241126110634.0 | ||
| 008 | 180912b ||||| |||| 00| 0 eng d | ||
| 040 | _cGBC | ||
| 082 |
_aSOU PHA _b2016 |
||
| 245 |
_aPhatuamngaihna phatuam: _bToupa deihlam bang ahia? |
||
| 260 |
_aDelhi: _bYoung Paite Association, _c2016 |
||
| 300 | _a152p. ; | ||
| 942 |
_2ddc _cARCH |
||